000 02250cam a22005054i 4500
003 PE-LiUPU
005 20250731172825.0
008 150617s1980 sp a r 000 0 spa d
020 _a847228509X
035 _a(Sirsi) i9788472285095
040 _aPE-LiUPU
_bspa
_cPE-LiUPU
_erda
049 _aPRUA
082 0 4 _a261.8342
_bC75
_221
100 1 _aCoopere, Daniel B.,
_eautor.
245 1 0 _aUsted puede ser una esposa de un marido feliz /
_cDaniel B. Coopere.
264 1 _aBarcelona :
_bCLIE,
_c1980.
300 _a166 páginas :
_bilustraciones ;
_c17 centímetros.
336 _atext
_2rdacontent
337 _aunmediated
_2rdamedia
338 _avolume
_2rdacarrier
490 1 _aLibros clíe
505 0 _aUn plan perfecto -- Su relación con el artífice arquitecto -- Aceptando al marido tal cual es -- Contribuya a la autoestimación de su marido -- El primer lugar -- Siguendo al jefe -- Protección en beneficio suyo -- Lo mejor que Dios puede darle -- Belleza inmarcesible -- Cómo resolver los problemas y afrontar las pruebas -- Completando el cuadro -- Cumplimiento y satisfacción a nivel del cuerpo.
526 _aSEG42
526 _aSEG41
526 _aSEG40
526 _aSEG39
526 _aP94
526 _aP87
526 _aP86
526 _aP85
526 _aP77
526 _aP76
526 _aP35
650 0 4 _aMatrimonio.
_92383
910 _ajck
_bjvq
_cjck
_d20150616
942 _2ddc
_cBOOK
949 _a261.8342 C75
_wDEWEY
_c1
_i19341
_d2016-4-15
_e2016-4-12
_lCCODEBUL1
_mBUL
_n1
_r0
_sY
_tBOOK
_u2015-6-17
_xTEOLOGIA
_PP35
_0COMPRA
_o.STAFF. Colección Teología
949 _a261.8342 C75
_wDEWEY
_c2
_i19340
_lCCODEBUL1
_mBUL
_r0
_sY
_tBOOK
_u2015-6-17
_xTEOLOGIA
_PP35
_0COMPRA
_o.STAFF. Colección Teología
994 _aC0
_bPEPRU
596 _a1
999 _a261.8342 C75
_wDEWEY
_c5591
_i19341
_d5591
_e2016-4-12
_f2019-12-10
_g4
_lDISCARD
_mBUL
_n1
_p20.00
_r1
_sY
_tBOOK
_u2015-6-17
_xTEOLOGIA
_PP35
_0COMPRA
_o.STAFF. Colección Teología
999 _a261.8342 C75
_wDEWEY
_c2
_i19340
_f2021-11-10
_g5
_lCCODEBUL1
_mBUL
_r0
_sY
_tBOOK
_u2015-6-17
_xTEOLOGIA
_PP35
_0COMPRA
_o.STAFF. Colección General
980 _81
_gALBERTO SANCHEZ Responsable de Automatización